000 00376nam a2200157Ia 4500
003 OSt
005 20240227122427.0
008 170524s9999 xx 000 0 und d
020 _a978-8131711064
040 _cIIMT UNIVERSITY MEERUT
100 _aRambagh/Blaha
245 0 _aObject Oriented Modelling & Design with UDL
260 _bPHI
260 _c2007
942 _2ddc
_c02
999 _c5303
_d5303